An Author in the Passage III Quiz Stats

 Plays Quiz Updated Aug 10, 2018

Challenge
Share
Tweet
Embed
Score 0/21 Timer 06:00
0 Plays Today
Passage Book % Correct
Margaret dear, I don't give a damn.Gone with the Wind
91.2%
The tiny Lilliputians surmise that Jonathan's watch may be his god.Gulliver's Travels
86%
It's good spelling but it Wobbles, and the A.A.s get in the wrong places.Winnie the Pooh
83.9%
For the sole purpose of infusing Mary into an inanimate body.Frankenstein
81%
The chances against anything H.G.-like on Mars are a million to one.The War of the Worlds
72.5%
There was me, that is Anthony, and my three droogs.A Clockwork Orange
61.7%
Emily made me cruel.Wuthering Heights
59.9%
Behind every great fortune there is a Mario.The Godfather
58.6%
A tooth is much more to be prized than a Miguel.Don Quixote
55.8%
I'll have a little talk with Lise, young Leo's wife.War and Peace
50.7%
Last night I dreamt I went to Daphne again.Rebecca
50.5%
Passage Book % Correct
Badger hates Society, and invitations, and Kenneth.The Wind in the Willows
50.3%
From his left hand dangled William’s broken glasses.Lord Of The Flies
44.7%
During the planting season Chinua worked daily on his farms.Things Fall Apart
39.8%
D.H. was a strange man to her, she did not know him.Lady Chatterley's Lover
37.8%
It never bored them to hear E.M.A Passage to India
36.8%
You hold him, Orson, he’s too strong for me.Ender's Game
31.3%
'Raymond's a funny name.' She bit her lip and turned her head a little.The Big Sleep
28%
We dwarfs and fools have no business dancing on concrete made for Günter.The Tin Drum
25.8%
Next to Carson, beer was best.The Heart is a Lonely Hunter
19%
Women only nag when they feel Louis.Captain Corelli's Mandolin
5.9%

You're not logged in!

Compare scores with friends on all Sporcle quizzes.
Join for Free
OR
Log In

You Might Also Like...

Show Comments

Extras

Top Quizzes Today


Score Distribution

Your Account Isn't Verified!

In order to create a playlist on Sporcle, you need to verify the email address you used during registration. Go to your Sporcle Settings to finish the process.

Report this User

Report this user for behavior that violates our Community Guidelines.

Details: